00350nam a2200145Ia 45000010006000000050017000060080041000230410008000640820017000721000042000892450029001313000028001606500008001886540008001961470020260306164933.0260306t9999||||xx |||||||||||||| ||spa|| aESP a515.723bC24 aCampoblanco Virhuez, Reynaldo A.eAUT 0aTransformadas de Laplace a365 páginas :c22 cm. aGEN aCMA